|
|
|
|
| LEADER |
00000nam a2200000 a 4500 |
| 001 |
vtls011621004 |
| 003 |
SK-MaSNL |
| 005 |
20260426003119.0 |
| 008 |
220509s2017 xo oda f n 100 0 slo |
| 015 |
|
|
|a SNBA2017/05
|
| 020 |
|
|
|a 9788097231842
|q (brož.)
|
| 035 |
|
|
|a urn:nbn:sk:snk-am00gjrn
|
| 035 |
|
|
|a urn:nbn:sk:snk-am3j51j
|
| 035 |
|
|
|a 8B1C57C8-920D-4169-9433-3BBF4775F829
|
| 040 |
|
|
|a SNK
|b slo
|c SNK
|e AACR2
|
| 041 |
0 |
|
|a slo
|a cze
|
| 043 |
|
|
|a e-xo---
|
| 044 |
|
|
|a xo
|c SK
|
| 072 |
|
7 |
|a 621.3
|x Elektrotechnika
|2 konspekt
|
| 072 |
|
7 |
|a 006
|x Metrológia. Štandardizácia
|2 konspekt
|
| 080 |
|
|
|a 621.3
|2 2011
|
| 080 |
|
|
|a 342.537.3/.5
|2 2011
|
| 080 |
|
|
|a 006.7/.8
|2 2011
|
| 080 |
|
|
|a (437.6)
|2 2011
|
| 080 |
|
|
|a (062.534)
|2 2011
|
| 080 |
|
|
|a (094.5)
|2 2011
|
| 080 |
|
|
|a 621.31
|2 2011
|
| 080 |
|
|
|a 342.537.5
|2 2011
|
| 080 |
|
|
|a 621.31-1
|2 2011
|
| 111 |
2 |
|
|a Konferencia elektrotechnikov Slovenska
|n (46. :
|d 2017 :
|c Bratislava, Slovensko)
|9 609889
|
| 245 |
1 |
0 |
|a 46. konferencia elektrotechnikov Slovenska
|b zborník prednášok : Bratislava, 29-30.3.2017
|
| 246 |
3 |
|
|a Štyridsiatašiesta konferencia elektrotechnikov Slovenska
|
| 250 |
|
|
|a 1. vyd.
|
| 260 |
|
|
|a Bratislava
|b Slovenský elektrotechnický zväz - Komora elektrotechnikov Slovenska
|c 2016
|
| 300 |
|
|
|a 139 s.
|b fotogr., grafy, ilustr., sch., tab.
|c 21 cm
|
| 504 |
|
|
|a Bibliografické odkazy
|
| 546 |
|
|
|a Čiastočný text v češtine
|
| 650 |
0 |
7 |
|a elektrotechnika
|2 SNKPH
|9 3619
|
| 650 |
0 |
7 |
|a elektrické zariadenia
|2 SNKPH
|9 3916
|
| 650 |
0 |
7 |
|a zákonodarstvo
|2 SNKPH
|9 1153
|
| 650 |
0 |
7 |
|a technická štandardizácia a normalizácia
|2 SNKPH
|9 74417
|
| 650 |
0 |
7 |
|a Electric engineering
|2 SNKPHeng
|9 266630
|
| 650 |
0 |
7 |
|a Electric equipments
|2 SNKPHeng
|9 303254
|
| 650 |
0 |
7 |
|a Legislation
|2 SNKPHeng
|9 268421
|
| 650 |
0 |
7 |
|a Technical standardization
|2 SNKPHeng
|9 265480
|
| 651 |
|
7 |
|a Slovensko
|2 SNKPH
|9 14231
|
| 651 |
|
7 |
|a Slovakia
|2 SNKPHeng
|9 92630
|
| 655 |
|
7 |
|a zborníky konferencií
|2 SNKPH
|9 70153
|
| 655 |
|
7 |
|a zákony
|2 SNKPH
|9 70186
|
| 655 |
|
7 |
|a Proceedings of conferences
|2 SNKPHeng
|9 265791
|
| 655 |
|
7 |
|a Laws
|2 SNKPHeng
|9 266957
|
| 919 |
|
|
|a 978-80-972318-4-2
|
| 958 |
|
|
|a NB
|
| 999 |
|
|
|c 936049
|d 937979
|
| 952 |
|
|
|a SNK
|b SNK
|y PREZ
|7 0
|p 17A1258006
|o snkSC 174447
|i snk2017/10360
|8 0
|0 0
|1 0
|4 0
|d 2017-05-05
|f 1
|l 0
|r 2025-09-16 00:00:00
|w 2026-02-24
|
| 952 |
|
|
|a SNK
|b SNK
|y VYP
|7 0
|p 17A1258007
|o snkSC 174447 D1
|i snk2017/10362
|8 0
|0 0
|1 0
|4 0
|d 2017-05-05
|l 0
|r 2026-02-24 09:03:13
|w 2026-02-24
|